Natural language information retrieval

Αποθηκεύτηκε σε:
Λεπτομέρειες βιβλιογραφικής εγγραφής
Άλλοι συγγραφείς: Strzalkowski, Tomek (Επιμελητής έκδοσης)
Μορφή: Βιβλίο
Γλώσσα:English
Δημοσίευση: Dordrecht : Kluwer Academic, 1999
Σειρά:Text, speech and language technology
Θέματα:
Ετικέτες: Προσθήκη ετικέτας
Δεν υπάρχουν, Καταχωρήστε ετικέτα πρώτοι!

MARC

LEADER 00000nam a2200000 i 4500
001 1/64158
008 041026s1999 eng d
020 |a 0-7923-5685-3 
035 |l 10074957 
040 |a GR-MY-UA  |b gre  |e aacr 
041 0 |a eng 
082 0 |a 410.285 
245 1 0 |a Natural language information retrieval /  |c edited by Tomek Strzalkowski 
260 |a Dordrecht :   |b Kluwer Academic,   |c 1999 
300 |a 384 p. 
490 1 |a Text, speech and language technology 
504 |a Includes bibliographical references and index 
650 0 0 |a Computational linguistics. 
650 0 0 |a Information storage and retrieval systems. 
700 1 |a Strzalkowski, Tomek.  |4 edt 
830 0 |a Text, speech and language technology 
852 |a INST  |b RHODES  |e 20041026  |h 410.285 NAT  |p 005400018276  |q 005400018276  |t BK  |y 0 
901 |a BIBL4-2004-3 
909 |a Ρ  |b 110100 
920 |a ΔΙΕΥΡΥΝΣΗ  |b ΕΠΕΑΕΚ ΙΙ-ΤΜΣ  |y ΡΟΔΟΣ  |z 2004-10 
970 |a ΚΟΥΛΑΚΙΟΤΗ  |b ΛΙΤΣΑ  |z 2004/10/26